|
|
|
|
| LEADER |
01025nam a2200253 a 4500 |
| 001 |
0017240 |
| 003 |
BD-DhAAL |
| 008 |
110516s2005 enka 000 0 eng |
| 020 |
|
|
|a 019438862X
|
| 020 |
|
|
|a 9780194388627
|
| 040 |
|
|
|a BD-DhAAL
|c BD-DhAAL
|
| 082 |
0 |
4 |
|a 428.24071
|2 22
|
| 100 |
1 |
|
|a Clementson, Theresa
|9 58422
|
| 245 |
1 |
0 |
|a Natural English :
|b reading writing skills.
|p pre-intermediate resource book /
|c Theresa Clementson.
|
| 260 |
|
|
|a Oxford :
|b Oxford University Press,
|c 2005.
|
| 300 |
|
|
|a 63 p. :
|b ill. ;
|c 28 cm
|
| 526 |
|
|
|a CFL, BRACU
|
| 541 |
|
|
|e 00017240
|a Karim International
|
| 650 |
|
0 |
|a English language
|x Study and teaching
|x Foreign speakers.
|
| 650 |
|
0 |
|a English language
|x Study and teaching
|x Activity programs.
|
| 852 |
1 |
|
|a Ayesha Abed Library
|c General Stacks
|
| 942 |
|
|
|2 ddc
|c BK
|
| 999 |
|
|
|c 10853
|d 10853
|
| 952 |
|
|
|0 0
|1 0
|2 ddc
|4 0
|6 428_240710000000000_CLE
|7 0
|9 16494
|a BRACUL
|b BRACUL
|c GEN
|d 2011-05-16
|e Karim International
|g 2475.00
|l 4
|m 15
|o 428.24071 CLE
|p 3010017240
|r 2016-06-01
|s 2016-02-25
|t 1
|w 2011-05-16
|y BK
|